书目信息 |
| 题名: |
对外汉语教学概论
|
|
| 作者: | 陈昌来 主编 | |
| 分册: | ||
| 出版信息: | 上海 复旦大学出版社 2005 |
|
| 页数: | 277页 | |
| 开本: | 23cm | |
| 丛书名: | 复旦博学 | |
| 单 册: | ||
| 中图分类: | H195.1 | |
| 科图分类: | ||
| 主题词: | 对外汉语教学--概论 , 对外汉语教学 | |
| 电子资源: | ||
| ISBN: | 7-309-04425-8 | |
| 000 | 00933oam2 2200265 450 | |
| 001 | 002888502 | |
| 005 | 20061122081937.92 | |
| 010 | @a7-309-04425-8@dCNY28.00 | |
| 100 | @a20050104d2005 em y0chiy0110 ea | |
| 101 | 0 | @achi |
| 102 | @aCN@b310000 | |
| 105 | @ay z 000yy | |
| 200 | 1 | @a对外汉语教学概论@9dui wai han yu jiao xue gai lun@f陈昌来主编 |
| 210 | @a上海@c复旦大学出版社@d2005 | |
| 215 | @a277页@d23cm | |
| 225 | 2 | @a复旦博学@i语言学系列 |
| 330 | @a本书全面系统地介绍了对外汉语教学学科的性质、特点、学科地位,对外汉语教学的基础理论、教学过程、教学阶段、教学类型,以及对外汉语教学研究等主要方面。 | |
| 462 | 0 | @12001 @a复旦博学@i语言学系列 |
| 510 | 1 | @aAn Introduction to Teaching Chinese as a Foreign Language@zeng |
| 606 | 0 | @a对外汉语教学@x概论 |
| 606 | 0 | @a对外汉语教学 |
| 690 | @aH195.1@v4 | |
| 701 | 0 | @a陈昌来@9chen chang lai@f(1962~)@4主编 |
| 801 | 0 | @aCN@bNLC@c20061122 |
| 905 | @a10447@dH195.1@e221 | |
| 对外汉语教学概论/陈昌来主编.-上海:复旦大学出版社,2005 |
| 277页;23cm.-(复旦博学.语言学系列) |
| ISBN 7-309-04425-8:CNY28.00 |
| 本书全面系统地介绍了对外汉语教学学科的性质、特点、学科地位,对外汉语教学的基础理论、教学过程、教学阶段、教学类型,以及对外汉语教学研究等主要方面。 |
| ● |
| 相关链接 |
|
|
|
|
正题名:对外汉语教学概论
索取号:H195.1/221
 
预约/预借
| 序号 | 登录号 | 条形码 | 馆藏地/架位号 | 状态 | 备注 |
| 1 | 0394934 | 203949344 | 第二样本阅览室/ [索取号:H195.1/221] | 在馆 | |
| 2 | 0394935 | 203949353 | 第四借阅区/ [索取号:H195.1/221] | 在馆 | |
| 3 | 0394936 | 203949362 | 第四借阅区/ [索取号:H195.1/221] | 在馆 | |
| 4 | 0394937 | 203949371 | 第四借阅区/ [索取号:H195.1/221] | 在馆 |